| 000 | 01319nam a2200337 a 4500 | ||
|---|---|---|---|
| 001 | 4029022 | ||
| 003 | ARRUPE | ||
| 005 | 20170208114036.0 | ||
| 008 | 971202s1997 fr a b 000 0 fre | ||
| 010 | _a 97221050 | ||
| 020 | _a2728908141 | ||
| 040 |
_aDLC _cDLC |
||
| 043 | _ae-it--- | ||
| 050 | 0 | 0 |
_aND623.C47 _bA69 1997 |
| 100 | 1 |
_aRigaux, Dominique. _928629 |
|
| 245 | 1 | 3 |
_aUn banquet pour l'éternité : _bla Cène d'Andrea del Castagno / _cDominique Rigaux ; photographies de Giovanni Dagli Orti. |
| 260 |
_a[Paris] : _bMame, _cc1997. |
||
| 300 |
_a127 p. : _bcol. ill. ; _c25 cm. |
||
| 440 | 3 |
_aUn certain regard _928630 |
|
| 504 | _aIncludes bibliographical references (p. 123-124). | ||
| 600 | 1 | 0 |
_aCastagno, Andrea del, _d1423-1457. _tLast Supper. _928631 |
| 650 | 0 |
_aLast Supper in art. _928632 |
|
| 650 | 0 |
_aMural painting and decoration, Italian _zItaly _zFlorence. _928633 |
|
| 650 | 0 |
_aMural painting and decoration, Renaissance _zItaly _zFlorence. _928634 |
|
| 650 | 0 |
_aMural painting and decoration _zItaly _zFlorence. _928635 |
|
| 700 | 1 |
_aCastagno, Andrea del, _d1423-1457. _928636 |
|
| 700 | 1 |
_aDagli Orti, Giovanni. _928637 |
|
| 906 |
_a7 _bcbc _corignew _d3 _encip _f19 _gy-gencatlg |
||
| 942 |
_2lcc _cMONOGRAPH |
||
| 999 |
_c126056 _d126056 |
||